000 00637nam a22002177a 4500
005 20170828163637.0
010 _aB-59583
020 _c00.00
035 _aB-059583
037 _bCen Lib/Ret
082 _a339
_2PUR
100 _aPuri, V. K.
245 _aMacroeconomics :
_cBy V. K. Puri [and] Divya Mishra
_bAnalysis and Policy /
260 _aMumbai
_bHimalaya Publishing House
_c2001
270 _a"Ramdoot", Dr. Bhalerao Marg, Girgaon
_bMumbai
_e400004
300 _a392p.
_c24cm(Hb)
650 _aMacroeconomics
650 _aEconomics
700 _a Mishra, Divya
_973924
942 _2ddc
_cEN
_h339
_mPUR
999 _c124895
_d124895